000 00426nam a2200181Ia 4500
008 240510s9999 xx 000 0 und d
020 _a9780007507115
041 _aEng
082 _a001.4
082 _bW34
100 _aWILLIAMS,A.
245 0 _aResearch:Improve Your Reading and Referencing Skills
260 _bUK,Harper Collins Publishers
260 _c2013
300 _a191 p.
942 _2ddc
942 _cLBK
999 _c29043
_d29043
945 _a1
_bMadushi Gamage
_c1
_dMadushi Gamage